| 000 | 01224nam a22003017a 4500 | ||
|---|---|---|---|
| 005 | 20111101111033.0 | ||
| 008 | 111101t xxu||||| |||| 00| 0 eng d | ||
| 010 | _aENG-104007 | ||
| 020 |
_a9788120344129 _c750.00 |
||
| 035 | _aEN-87540 | ||
| 037 | _bDBAD/PUB | ||
| 040 |
_aDPL _bEng |
||
| 082 | 0 | 0 |
_a910.02 _222 |
| 100 | 1 |
_aHess, Darrel _935632 |
|
| 245 | 1 | 0 |
_aMcKnight's physical geography : _ba landscape appreciation / _cby Darrel Hess ; illustrated by Dennis Tasa |
| 246 | 3 | 0 | _aPhysical geography |
| 250 | _a10th ed | ||
| 260 |
_aNew Delhi _bPHI Learning _c2012 |
||
| 270 |
_aM-97, Connaught Circus _bNew Delhi _e110001 |
||
| 300 |
_axxv, 554, [46] p. : _bcol. ill., col. maps _c29cm (pbk) |
||
| 500 | _aPrevious ed. cat. under McKnight, Tom L. (Tom Lee), 1928- | ||
| 500 | _aIncludes index | ||
| 650 | 0 |
_aPhysical geography. _935633 |
|
| 700 | 1 |
_aMcKnight, Tom L. _q(Tom Lee), _d1928- _tPhysical geography. _935634 |
|
| 942 |
_2ddc _cEN _h910.02 _mHES |
||
| 999 |
_c57943 _d57943 |
||